000 00437nam a2200121 a 4500
008 120416s1970 xx |||||||||||||| || u
050 _aTD 745 Top
100 _aSidwick, J. M
245 1 0 _aTopics in wastewater treatment
_cedited by J. M. Sidwick
260 _c1970
350 _a0.00
995 _D0.00
_FCBU-MAIN LIBRARY (Kitwe)
_H1
_I0.00
_UAVAILABLE
_ZMain Library Open Access Collection
999 _c59983
_d59983